ARRUPE JESUIT UNIVERSITY

CORONAVIRUS -STOP THE SPREAD - CLEAN,DISINFECT,COVER

On the way to Heidegger's Contributions to philosophy / (Record no. 124181)

MARC details
000 -LEADER
fixed length control field 02274cam a22003254a 4500
001 - CONTROL NUMBER
control field 14561268
003 - CONTROL NUMBER IDENTIFIER
control field ARRUPE
005 - DATE AND TIME OF LATEST TRANSACTION
control field 20160215142608.0
008 - FIXED-LENGTH DATA ELEMENTS--GENERAL INFORMATION
fixed length control field 060921s2007 wiu b s001 0 eng
010 ## - LIBRARY OF CONGRESS CONTROL NUMBER
LC control number 2006031477
020 ## - INTERNATIONAL STANDARD BOOK NUMBER
International Standard Book Number 0299222209 (cloth : alk. paper)
020 ## - INTERNATIONAL STANDARD BOOK NUMBER
International Standard Book Number 9780299222208 (cloth : alk. paper)
020 ## - INTERNATIONAL STANDARD BOOK NUMBER
International Standard Book Number 9780299222208
035 ## - SYSTEM CONTROL NUMBER
System control number (OCoLC)ocm71810013
035 ## - SYSTEM CONTROL NUMBER
System control number (OCoLC)71810013
040 ## - CATALOGING SOURCE
Original cataloging agency DLC
Transcribing agency DLC
Modifying agency DLC
050 00 - LIBRARY OF CONGRESS CALL NUMBER
Classification number B3279.H48
Item number B44534 2007
082 00 - DEWEY DECIMAL CLASSIFICATION NUMBER
Classification number 193
Edition number 22
300 ## - PHYSICAL DESCRIPTION
Dimensions 24 cm.
100 1# - MAIN ENTRY--PERSONAL NAME
Personal name Emad, Parvis.
9 (RLIN) 20028
245 10 - TITLE STATEMENT
Title On the way to Heidegger's Contributions to philosophy /
Statement of responsibility, etc Parvis Emad.
260 ## - PUBLICATION, DISTRIBUTION, ETC. (IMPRINT)
Place of publication, distribution, etc Madison, Wis. :
Name of publisher, distributor, etc University of Wisconsin Press,
Date of publication, distribution, etc c2007.
300 ## - PHYSICAL DESCRIPTION
Extent xvii, 236 p. ;
504 ## - BIBLIOGRAPHY, ETC. NOTE
Bibliography, etc Includes bibliographical references (p. 221-224) and indexes.
505 0# - FORMATTED CONTENTS NOTE
Formatted contents note Preface -- Acknowledgments -- Introduction -- Translating Heidegger's Contributions to philosophy as a hermeneutic responsibility -- On "Echo," the first part of Contributions to philosophy -- The place of the pre-Socratics in "Playing forth," the second part of Contributions to philosophy -- "De-cision" in Contributions to philosophy and the path to the Interpretation of Heraclitus fragment 16 -- On the last part of Contributions to philosophy, "Be-ing," its liberating ontology, and the hints at the question of God -- On the inception of being-historical thinking and its active character, mindfulness -- Mastery of be-ing and coercive force of machination in Heidegger's Contributions to philosophy and Mindfulness and the opening to his Nietzsche interpretation -- Heidegger and Christianity: a look at his correspondence with Bernhard Welte -- Questioning Richardson's "Heidegger I, Heidegger II" distinction and his response in light of Contributions to philosophy -- Notes -- Bibliography -- General index -- Index of Greek terms.
600 10 - SUBJECT ADDED ENTRY--PERSONAL NAME
Personal name Heidegger, Martin,
Dates associated with a name 1889-1976.
Title of a work Beiträge zur Philosophie.
9 (RLIN) 22307
650 #0 - SUBJECT ADDED ENTRY--TOPICAL TERM
Topical term or geographic name as entry element Philosophy.
9 (RLIN) 22308
906 ## - LOCAL DATA ELEMENT F, LDF (RLIN)
a 7
b cbc
c orignew
d 1
e ecip
f 20
g y-gencatlg
942 ## - ADDED ENTRY ELEMENTS (KOHA)
Source of classification or shelving scheme Library of Congress Classification
Koha item type Monograph ( Printed materials)
Holdings
Withdrawn status Lost status Source of classification or shelving scheme Damaged status Not for loan Collection code Home library Current library Shelving location Date acquired Total Checkouts Full call number Barcode Date last seen Date checked out Price effective from Koha item type
    Library of Congress Classification     Main Collection ARRUPE LIBRARY ARRUPE LIBRARY Main Collection 15/02/2016 1 B3279.H48B44534 2007 46500006697 05/12/2016 01/11/2016 15/02/2016 Monograph ( Printed materials)

 

Arrupe Library. PO Box MP320 Mt Pleasant, Harare, Zimbabwe
263 242 745411|librarian@aju.ac.zw